[Event "Teusaquillo Rapid op"]
[Site "Teusaquillo"]
[Date "2023.03.05"]
[Round "8"]
[White "Murillo Loreo, Oscar Miguel"]
[Black "Bejarano, Danny Andres"]
[Result "1-0"]
[WhiteElo "1871"]
[BlackElo "2005"]
[PlyCount "159"]
[EventDate "2023.03.04"]
[EventType "swiss (rapid)"]
[EventRounds "9"]
[EventCountry "COL"]
[SourceTitle "CBM 213 Extra"]
[Source "ChessBase"]
[SourceDate "2023.05.31"]
[SourceVersion "1"]
[SourceVersionDate "2023.05.31"]
[SourceQuality "1"]

1. Nf3 Nf6 2. d4 e6 3. c4 b6 4. g3 Bb7 5. Bg2 Be7 6. 0-0 0-0 7. Bf4 d6 8. Qc2 Be4 9. Qc1 Nbd7 10. Nc3 Bb7 11. Re1 c5 12. Nb5 Qb8 13. dxc5 Nxc5 14. Rd1 e5 15. Be3 a6 16. Nc3 Ng4 17. b4 Nxe3 18. Qxe3 Nd7 19. Nd5 Bxd5 20. cxd5 f5 21. Nd4 f4 22. gxf4 Rxf4 23. Nc6 Qf8 24. Qh3 Qe8 25. Qe6+ Rf7 26. Bh3 Nf8 27. Qg4 Rf4 28. Qg2 Bh4 29. f3 Rf6 30. Kh1 Ng6 31. Be6+ Rxe6 32. dxe6 Qxc6 33. Rac1 Qe8 34. Rxd6 Qe7 35. Rdc6 Re8 36. Qg4 Bg5 37. Rg1 Be3 38. Rd1 Qh4 39. Qxh4 Nxh4 40. Rd3 Nf5 41. a4 h5 42. a5 bxa5 43. bxa5 h4 44. Kg2 Bf4 45. Rxa6 Nd4 46. e3 Nxe6 47. Rxe6 Rxe6 48. exf4 exf4 49. Rd5 g6 50. Kh3 Re3 51. Kg4 Re2 52. h3 Kg7 53. Kxf4 Ra2 54. Kg4 Ra4+ 55. f4 Kh6 56. Rc5 Rb4 57. Rc6 Ra4 58. a6 Ra5 59. Kxh4 Ra1 60. f5 Ra4+ 61. Kg3 Ra3+ 62. Kg4 Ra4+ 63. Kf3 Ra3+ 64. Ke4 Ra4+ 65. Kd3 Ra3+ 66. Kc4 Rxh3 67. fxg6 Ra3 68. Kb4 Ra1 69. Kc5 Kg7 70. Kb6 Rb1+ 71. Ka7 Rb2 72. Rb6 Re2 73. Ka8 Re8+ 74. Rb8 Re6 75. a7 Re1 76. Rb6 Re8+ 77. Kb7 Re7+ 78. Ka6 Re8 79. Rc6 Rd8 80. Kb7 1-0

[Event "Teusaquillo Rapid op"]
[Site "Teusaquillo"]
[Date "2023.03.04"]
[Round "2"]
[White "Villamil Moreno, Daniel Esteban"]
[Black "Murillo Loreo, Oscar Miguel"]
[Result "0-1"]
[WhiteElo "1413"]
[BlackElo "1871"]
[PlyCount "74"]
[EventDate "2023.03.04"]
[EventType "swiss (rapid)"]
[EventRounds "9"]
[EventCountry "COL"]
[SourceTitle "CBM 213 Extra"]
[Source "ChessBase"]
[SourceDate "2023.05.31"]
[SourceVersion "1"]
[SourceVersionDate "2023.05.31"]
[SourceQuality "1"]

1. d4 Nf6 2. c4 g6 3. Nf3 Bg7 4. Bf4 c5 5. e3 0-0 6. Bd3 Nc6 7. 0-0 cxd4 8. exd4 d5 9. c5 Bg4 10. Be2 Ne4 11. Nc3 Rc8 12. Ne5 Bxe2 13. Qxe2 Nxe5 14. Bxe5 Bxe5 15. dxe5 Nxc3 16. bxc3 Rxc5 17. Qe3 Qc7 18. Rac1 Rc8 19. h3 a6 20. Rfd1 e6 21. Rd3 Rc4 22. a3 Re4 23. Qd2 Qxe5 24. Rb1 Kg7 25. g3 b5 26. Kg2 Re2 27. Qd1 Qe4+ 28. Kg1 Re1+ 29. Qxe1 Qxd3 30. Rc1 Qe4 31. Qd2 h5 32. h4 Rc4 33. Kh2 Qf3 34. Kg1 e5 35. Kh2 Ra4 36. Qe1 Re4 37. Qd2 Re2 0-1

[Event "COL Subzt 2.3.4"]
[Site "Risarald"]
[Date "2021.11.24"]
[Round "3"]
[White "Londono Lopez, Donaldo Eliuver"]
[Black "Murillo Loreo, Oscar Miguel"]
[Result "1/2-1/2"]
[WhiteElo "2130"]
[BlackElo "1775"]
[PlyCount "79"]
[EventDate "2021.11.23"]
[EventType "swiss"]
[EventRounds "9"]
[EventCountry "COL"]
[SourceTitle "CBM 205 Extra"]
[Source "ChessBase"]
[SourceDate "2022.01.31"]
[SourceVersion "1"]
[SourceVersionDate "2022.01.31"]
[SourceQuality "1"]

1. e4 c5 2. Nf3 Nc6 3. d4 cxd4 4. Nxd4 g6 5. c4 Bg7 6. Nc2 Nf6 7. Nc3 d6 8. Be2 0-0 9. 0-0 Be6 10. Bd2 Nd7 11. b4 Nb6 12. Nd5 f5 13. exf5 Bxf5 14. Rc1 e6 15. Nde3 d5 16. cxd5 Bxc2 17. Nxc2 exd5 18. b5 Ne5 19. Nd4 Re8 20. Bc3 Nbc4 21. Nf3 Rc8 22. Bd4 Qd7 23. a4 Rcd8 24. Bxa7 b6 25. Nxe5 Rxe5 26. Bxc4 Qxa7 27. f4 Rf5 28. g4 Rf6 29. Bxd5+ Kh8 30. Qb3 Rfd6 31. Rcd1 Qc7 32. Bc6 Rxd1 33. Rxd1 Rxd1+ 34. Qxd1 Qxf4 35. Qd8+ Bf8 36. Qxb6 Qxg4+ 37. Kf1 Qxa4 38. Qf2 Qc4+ 39. Qe2 Qxe2+ 40. Kxe2 1/2-1/2

[Event "COL Subzt 2.3.4"]
[Site "Risarald"]
[Date "2021.11.23"]
[Round "1"]
[White "Vargas Arteaga, Alexis"]
[Black "Murillo Loreo, Oscar Miguel"]
[Result "1-0"]
[WhiteElo "2277"]
[BlackElo "1775"]
[PlyCount "83"]
[EventDate "2021.11.23"]
[EventType "swiss"]
[EventRounds "9"]
[EventCountry "COL"]
[SourceTitle "CBM 205 Extra"]
[Source "ChessBase"]
[SourceDate "2022.01.31"]
[SourceVersion "1"]
[SourceVersionDate "2022.01.31"]
[SourceQuality "1"]

1. e4 c5 2. Nf3 Nc6 3. d4 cxd4 4. Nxd4 g6 5. c4 Bg7 6. Nc2 Nf6 7. Nc3 d6 8. Be2 0-0 9. 0-0 Nd7 10. Re1 Nc5 11. Bf1 Be6 12. Nd5 h6 13. Rb1 a5 14. b3 Kh7 15. Bb2 Bxb2 16. Rxb2 f5 17. exf5 Bxf5 18. Nd4 e5 19. Nb5 e4 20. Ne3 Ne5 21. Rd2 Ncd3 22. Bxd3 Nxd3 23. Nxf5 gxf5 24. Rxd3 exd3 25. Qxd3 Qf6 26. Qd5 Rae8 27. Rd1 Qe5 28. g3 Qxd5 29. Rxd5 f4 30. Kf1 f3 31. Rd2 Rf4 32. Nd4 a4 33. Rd3 axb3 34. axb3 Ref8 35. Re3 R8f7 36. h3 h5 37. h4 Kg6 38. Ne6 Kf5 39. Ng5 Rf8 40. Nh7 Kg4 41. Re4 Kh3 42. Kg1 1-0

[Event "Soacha op-A"]
[Site "Soacha"]
[Date "2021.09.10"]
[Round "6"]
[White "Bejarano, Danny Andres"]
[Black "Murillo Loreo, Oscar Miguel"]
[Result "0-1"]
[WhiteElo "1991"]
[BlackElo "1728"]
[PlyCount "68"]
[EventDate "2021.09.08"]
[EventType "swiss"]
[EventRounds "10"]
[EventCountry "COL"]
[SourceTitle "CBM 204 Extra"]
[Source "ChessBase"]
[SourceDate "2021.11.30"]
[SourceVersion "1"]
[SourceVersionDate "2021.11.30"]
[SourceQuality "1"]

1. e4 c5 2. Nf3 d6 3. d4 cxd4 4. Nxd4 Nf6 5. Nc3 a6 6. h3 g6 7. g4 Bg7 8. Bg2 e5 9. Nde2 b5 10. Be3 Bb7 11. g5 Nh5 12. Nd5 Nd7 13. Bf3 Nf4 14. Nexf4 exf4 15. Bd4 0-0 16. Bxg7 Kxg7 17. Qd4+ Ne5 18. h4 Bxd5 19. exd5 f6 20. Be4 fxg5 21. hxg5 Qxg5 22. 0-0-0 Qf6 23. Qc3 f3 24. Kb1 Nc4 25. Rd4 Rac8 26. Qd3 Rc7 27. Rh3 Ne5 28. Qd2 Qf4 29. Qa5 Rc4 30. Qxa6 Rxd4 31. Qa7+ Rf7 32. Qxd4 Qg4 33. Rg3 Qxg3 34. fxg3 f2 0-1

[Event "Soacha op-A"]
[Site "Soacha"]
[Date "2021.09.09"]
[Round "4"]
[White "Leal Cortes, Diego Fernando"]
[Black "Murillo Loreo, Oscar Miguel"]
[Result "1-0"]
[WhiteElo "1843"]
[BlackElo "1728"]
[PlyCount "90"]
[EventDate "2021.09.08"]
[EventType "swiss"]
[EventRounds "10"]
[EventCountry "COL"]
[SourceTitle "CBM 204 Extra"]
[Source "ChessBase"]
[SourceDate "2021.11.30"]
[SourceVersion "1"]
[SourceVersionDate "2021.11.30"]
[SourceQuality "1"]

1. e4 c5 2. Nf3 d6 3. Nc3 Nf6 4. e5 dxe5 5. Nxe5 e6 6. g3 a6 7. Bg2 Bd6 8. Nc4 Bc7 9. d3 Nd5 10. Qg4 0-0 11. a4 Nxc3 12. bxc3 Nd7 13. Ba3 Rb8 14. 0-0 b5 15. axb5 axb5 16. Ne3 Ne5 17. Qh5 b4 18. cxb4 cxb4 19. Bb2 Ng6 20. d4 Bb7 21. Bxb7 Rxb7 22. Qf3 Rb5 23. h4 Qd6 24. h5 Nh4 25. Qg4 Nf5 26. d5 f6 27. h6 g6 28. Nxf5 exf5 29. Qc4 Rc5 30. Qxb4 Rxc2 31. Qb3 Rd2 32. Ba3 Qxd5 33. Qxd5+ Rxd5 34. Bxf8 Kxf8 35. Ra7 Rc5 36. Ra8+ Kf7 37. Rd1 g5 38. Rd7+ Ke6 39. Rxh7 f4 40. Rc8 Rc1+ 41. Kg2 g4 42. Rhxc7 f3+ 43. Kh2 Rf1 44. Rc2 Re1 45. Re8+ Kd5 1-0

[Event "Soacha op-A"]
[Site "Soacha"]
[Date "2021.09.09"]
[Round "3"]
[White "Murillo Loreo, Oscar Miguel"]
[Black "Ramirez, Carlos"]
[Result "0-1"]
[WhiteElo "1728"]
[BlackElo "2246"]
[PlyCount "118"]
[EventDate "2021.09.08"]
[EventType "swiss"]
[EventRounds "10"]
[EventCountry "COL"]
[SourceTitle "CBM 204 Extra"]
[Source "ChessBase"]
[SourceDate "2021.11.30"]
[SourceVersion "1"]
[SourceVersionDate "2021.11.30"]
[SourceQuality "1"]

1. e4 e6 2. d4 d5 3. Nd2 c5 4. exd5 Qxd5 5. dxc5 Bxc5 6. Ngf3 Nf6 7. Bc4 Qd6 8. 0-0 Nbd7 9. Ng5 Ne5 10. Nde4 Qxd1 11. Rxd1 Bxf2+ 12. Kxf2 Nxe4+ 13. Nxe4 Nxc4 14. b3 f5 15. Nc3 Ne5 16. Nb5 Kf7 17. h3 Nc6 18. Bb2 Rd8 19. Rxd8 Nxd8 20. Rd1 Nc6 21. Nd6+ Kg6 22. Ne8 e5 23. Rd6+ Kf7 24. Nc7 Rb8 25. c4 f4 26. Nb5 a6 27. Nc7 Bf5 28. Nxa6 Ra8 29. Nc5 Rxa2 30. Na4 Ke7 31. Rd5 Be4 32. Rd2 Nd4 33. Nc5 Bc6 34. Bc3 Rxd2+ 35. Bxd2 g5 36. Bc3 Kd6 37. b4 Nf5 38. Nd3 e4 39. Ne5 e3+ 40. Kg1 Ng3 41. Kh2 Be8 42. Nf3 Ne4 43. Be1 Bf7 44. c5+ Kd5 45. h4 g4 46. Ng5 Nxg5 47. hxg5 Be8 48. Kg1 Bb5 49. Bc3 Ke4 50. g6 hxg6 51. c6 bxc6 52. Be1 Kd3 53. g3 f3 54. Bf2 Ke2 55. Bxe3 Kxe3 56. Kh1 f2 57. Kh2 Bc4 58. b5 Bd5 59. bxc6 f1Q 0-1

[Event "COL Intercollegiate-ch rapid U18"]
[Site "Paipa"]
[Date "2019.12.14"]
[Round "3"]
[White "Murillo Loreo, Oscar Miguel"]
[Black "Rodriguez Valencia, Sebastian"]
[Result "1/2-1/2"]
[WhiteElo "1707"]
[BlackElo "1712"]
[PlyCount "122"]
[EventDate "2019.12.14"]
[EventType "swiss (rapid)"]
[EventRounds "6"]
[EventCountry "COL"]
[SourceTitle "CBM 193 Extra"]
[Source "ChessBase"]
[SourceDate "2020.01.31"]
[SourceVersion "1"]
[SourceVersionDate "2020.01.31"]
[SourceQuality "1"]

1. e4 c5 2. Nf3 d6 3. d4 cxd4 4. Nxd4 Nf6 5. Nc3 g6 6. Be3 a6 7. f3 Bg7 8. Be2 Nbd7 9. Qd2 b5 10. Nd5 Bb7 11. Nb4 Rc8 12. 0-0 Ne5 13. b3 0-0 14. a4 a5 15. Nd3 Nxd3 16. cxd3 b4 17. Rac1 Qd7 18. Nb5 Qe6 19. Nd4 Qd7 20. Rxc8 Rxc8 21. Rc1 Ba6 22. Rxc8+ Qxc8 23. Qc1 Qxc1+ 24. Bxc1 Nxe4 25. dxe4 Bxd4+ 26. Kf1 Bb7 27. Bc4 e6 28. Ke2 d5 29. exd5 Bxd5 30. Bxd5 exd5 31. Kd3 Bg1 32. h3 Kf8 33. Bf4 Bb6 34. Bb8 Ke7 35. Bg3 Ke6 36. Bb8 g5 37. Bg3 Kf5 38. Bb8 h5 39. g4+ hxg4 40. hxg4+ Ke6 41. Bg3 Kd7 42. Be1 Kd6 43. Bd2 f6 44. Be1 Bc5 45. Bd2 Ke5 46. Bc1 Bd4 47. Bd2 Bf2 48. Bc1 Kd6 49. Bb2 Ke6 50. Ke2 Bc5 51. Kd3 Bb6 52. Ba1 f5 53. Bg7 Bc5 54. Bh8 fxg4 55. fxg4 Bb6 56. Bg7 Bc5 57. Bh8 Kf7 58. Be5 Bb6 59. Bh8 Ke6 60. Bd4 Bc7 61. Bh8 Be5 1/2-1/2

[Event "COL Intercollegiate-ch rapid U18"]
[Site "Paipa"]
[Date "2019.12.14"]
[Round "1"]
[White "Murillo Loreo, Oscar Miguel"]
[Black "Salas Severiche, Ruben Dario"]
[Result "1-0"]
[WhiteElo "1707"]
[BlackElo "1536"]
[PlyCount "67"]
[EventDate "2019.12.14"]
[EventType "swiss (rapid)"]
[EventRounds "6"]
[EventCountry "COL"]
[SourceTitle "CBM 193 Extra"]
[Source "ChessBase"]
[SourceDate "2020.01.31"]
[SourceVersion "1"]
[SourceVersionDate "2020.01.31"]
[SourceQuality "1"]

1. e4 c6 2. b3 d5 3. exd5 cxd5 4. d4 Bf5 5. Nf3 Nc6 6. Bd3 Bxd3 7. Qxd3 Nf6 8. 0-0 e6 9. c4 b6 10. Bg5 Be7 11. Nc3 0-0 12. a3 Rc8 13. Bf4 Bd6 14. Bg3 Bxg3 15. hxg3 Ng4 16. c5 bxc5 17. dxc5 Nce5 18. Qd4 Qf6 19. Nxe5 Nxe5 20. Rad1 Nd7 21. Qxf6 Nxf6 22. b4 Rfd8 23. Nb5 Ra8 24. Rfe1 Ne4 25. c6 Nd6 26. Nd4 Nc4 27. a4 a6 28. b5 axb5 29. axb5 e5 30. Nf5 Kf8 31. Ne3 Nxe3 32. Rxe3 f6 33. c7 Rdc8 34. b6 1-0

[Event "COL-chD"]
[Site "Bogota"]
[Date "2019.08.29"]
[Round "3"]
[White "Murillo Loreo, Oscar Miguel"]
[Black "Pena Flechas, Luis Orlando"]
[Result "1-0"]
[WhiteElo "1645"]
[BlackElo "1460"]
[PlyCount "63"]
[EventDate "2019.08.28"]
[EventType "swiss"]
[EventRounds "7"]
[EventCountry "COL"]
[SourceTitle "EXT 2020"]
[Source "ChessBase"]
[SourceDate "2019.10.17"]
[SourceVersion "1"]
[SourceVersionDate "2019.10.17"]
[SourceQuality "1"]

1. e4 e5 2. d4 exd4 3. Qxd4 Nc6 4. Qe3 g6 5. Bd2 Bg7 6. Bc3 Bxc3+ 7. Nxc3 d6 8. 0-0-0 Bd7 9. Nge2 h5 10. Nd5 Nce7 11. Qc3 Nxd5 12. Qxh8 Kf8 13. exd5 Qf6 14. Qxf6 Nxf6 15. f3 Re8 16. Ng3 Re5 17. Bc4 h4 18. Ne4 Nxe4 19. fxe4 Rxe4 20. Bb3 f6 21. Rde1 Re5 22. Rxe5 fxe5 23. c4 Bf5 24. Bc2 Kg7 25. Bxf5 gxf5 26. Rf1 Kg6 27. Kd2 Kg5 28. Ke3 f4+ 29. Ke4 Kg4 30. Rf3 b6 31. h3+ Kg5 32. Ra3 1-0

[Event "South America School 24th"]
[Site "Arequipa"]
[Date "2018.12.03"]
[Round "2.3"]
[White "Guilloux Alvear, Cristobal"]
[Black "Murillo Loreo, Oscar Miguel"]
[Result "0-1"]
[WhiteElo "1255"]
[BlackElo "1645"]
[PlyCount "50"]
[EventDate "2018.12.03"]
[EventType "team-swiss"]
[EventRounds "9"]
[EventCountry "PER"]
[SourceTitle "EXT 2024"]
[Source "ChessBase"]
[SourceDate "2023.10.10"]
[SourceVersion "1"]
[SourceVersionDate "2023.10.10"]
[SourceQuality "1"]
[WhiteTeam "Chile U14"]
[BlackTeam "Colombia U14"]
[WhiteTeamCountry "CHI"]
[BlackTeamCountry "COL"]

1. d4 c5 2. Nf3 cxd4 3. Bf4 d6 4. h3 Nc6 5. Nxd4 Nxd4 6. Qxd4 e5 7. Qe3 Be7 8. Bh2 Nh6 9. Nc3 Nf5 10. Qd3 Nd4 11. e3 Bf5 12. e4 Be6 13. Be2 Rc8 14. Rc1 Bc4 15. Qe3 Bxe2 16. Nxe2 Nxc2+ 17. Rxc2 Rxc2 18. Qxa7 Rxb2 19. Qa4+ b5 20. Qa3 Rb1+ 21. Nc1 d5 22. Qc3 Bb4 23. Qxb4 Rxb4 24. 0-0 Rxe4 25. Nd3 f6 0-1

[Event "COL-ch Superate Intercol U14"]
[Site "Barranquilla"]
[Date "2018.11.21"]
[Round "7.1"]
[White "Lopez Ramirez, David Santiago"]
[Black "Murillo Loreo, Oscar Miguel"]
[Result "1/2-1/2"]
[WhiteElo "1853"]
[BlackElo "1576"]
[PlyCount "102"]
[EventDate "2018.11.19"]
[EventType "swiss"]
[EventRounds "7"]
[EventCountry "COL"]
[SourceTitle "EXT 2024"]
[Source "ChessBase"]
[SourceDate "2023.10.10"]
[SourceVersion "1"]
[SourceVersionDate "2023.10.10"]
[SourceQuality "1"]

1. e4 c5 2. Nf3 d6 3. Bb5+ Nc6 4. 0-0 Bd7 5. Re1 g6 6. c3 Bg7 7. d4 cxd4 8. cxd4 Qb6 9. Bxc6 Bxc6 10. Nc3 Nf6 11. Qd3 0-0 12. a3 Rfe8 13. h3 d5 14. e5 Ne4 15. b4 Nxc3 16. Qxc3 Rac8 17. Qc5 Qa6 18. Qc2 Ba4 19. Qe2 Bb5 20. Qd1 Ba4 21. Qe2 Qxe2 22. Rxe2 Rc4 23. Bb2 Rec8 24. Ne1 f6 25. f4 fxe5 26. fxe5 Bh6 27. Kf2 Rf8+ 28. Kg1 Rfc8 29. Kf2 Rf8+ 30. Kg1 e6 31. Nd3 b6 32. Rf1 Rxf1+ 33. Kxf1 Bb5 34. Rf2 Rc2 35. Rxc2 Bxd3+ 36. Re2 Kf7 37. Ke1 Bxe2 38. Kxe2 Ke7 39. b5 Kd7 40. a4 Bf8 41. Bc3 Kc7 42. Bd2 Kd7 43. Kf3 Bg7 44. Kg4 h6 45. h4 Ke8 46. Bb4 Kd7 47. Bd6 Kc8 48. h5 g5 49. Be7 Kd7 50. Bd6 Kc8 51. g3 Kd7 1/2-1/2

[Event "COL-ch Superate Intercol U14"]
[Site "Barranquilla"]
[Date "2018.11.19"]
[Round "1.5"]
[White "Murillo Loreo, Oscar Miguel"]
[Black "Carvajal Barreto, Misael Camilo"]
[Result "1-0"]
[WhiteElo "1576"]
[BlackElo "1543"]
[PlyCount "110"]
[EventDate "2018.11.19"]
[EventType "swiss"]
[EventRounds "7"]
[EventCountry "COL"]
[SourceTitle "EXT 2024"]
[Source "ChessBase"]
[SourceDate "2023.10.10"]
[SourceVersion "1"]
[SourceVersionDate "2023.10.10"]
[SourceQuality "1"]

1. e4 e6 2. c4 c5 3. d4 cxd4 4. Qxd4 Nc6 5. Qd1 Nf6 6. Nc3 Bb4 7. Qc2 Nd4 8. Qd3 e5 9. Bd2 b6 10. Nge2 Nxe2 11. Bxe2 Bb7 12. Bf3 h6 13. a3 Be7 14. h3 d6 15. Be3 0-0 16. 0-0 Qd7 17. Rfd1 Rfd8 18. Rac1 Qc6 19. Nd5 Nxd5 20. cxd5 Qd7 21. Bg4 Qa4 22. Rc7 Ba6 23. Qd2 Bf6 24. Qc2 Qxc2 25. Rxc2 Bb5 26. Rc7 Ba6 27. Rdc1 Bd3 28. f3 Ba6 29. a4 Bd3 30. R1c3 Ba6 31. Kf2 Bg5 32. Bxg5 hxg5 33. b4 Rdb8 34. b5 Bb7 35. Re7 Bc8 36. Re8+ Kh7 37. Rexc8 Rxc8 38. Rxc8 Rxc8 39. Bxc8 Kh6 40. Kg3 g6 41. Kg4 f6 42. g3 Kg7 43. f4 gxf4 44. gxf4 exf4 45. Kxf4 Kh6 46. Bd7 Kh5 47. Be8 Kh6 48. Kg4 Kg7 49. h4 Kh6 50. h5 g5 51. Kf5 Kg7 52. Bg6 Kh6 53. Kxf6 g4 54. Bf5 Kxh5 55. Bxg4+ Kxg4 1-0

[Event "COL-ch Superate A"]
[Site "Bogota"]
[Date "2016.11.05"]
[Round "10.3"]
[White "Murillo Loreo, Oscar Miguel"]
[Black "Chisco, Juan Esteban"]
[Result "1-0"]
[WhiteElo "1600"]
[BlackElo "1550"]
[PlyCount "108"]
[EventDate "2016.11.05"]
[EventType "swiss (blitz)"]
[EventRounds "10"]
[EventCountry "COL"]
[SourceTitle "EXT 2024"]
[Source "ChessBase"]
[SourceDate "2023.10.10"]
[SourceVersion "1"]
[SourceVersionDate "2023.10.10"]
[SourceQuality "1"]

1. e4 c5 2. Nc3 e6 3. g3 a6 4. Bg2 Qc7 5. Nf3 b5 6. Ne2 Bb7 7. d3 d6 8. Be3 Nd7 9. Qd2 Ngf6 10. 0-0 Be7 11. Nf4 Rc8 12. Rac1 0-0 13. d4 Ng4 14. d5 Nxe3 15. fxe3 e5 16. Nh3 Nf6 17. Nf2 Qb6 18. Bh3 Rcd8 19. b3 Bc8 20. Bg2 Rd7 21. h3 Rc7 22. g4 c4 23. c3 cxb3 24. axb3 Bb7 25. h4 Rfc8 26. g5 Nh5 27. Bh3 Rd8 28. Bg4 g6 29. Bxh5 gxh5 30. Nd1 Kh8 31. Qe2 Bc8 32. Nh2 Bg4 33. Nxg4 hxg4 34. Qxg4 Bf8 35. h5 Qb7 36. h6 Qc8 37. Qf3 Qd7 38. Qf6+ Kg8 39. Nf2 Qe7 40. Ng4 Qxf6 41. Nxf6+ Kh8 42. Rf2 Be7 43. Ra2 Ra8 44. Rf2 Bxf6 45. Rxf6 Kg8 46. Rxd6 a5 47. c4 bxc4 48. bxc4 a4 49. c5 a3 50. Ra1 Rxc5 51. Rxa3 Rcc8 52. Rxa8 Rxa8 53. Kf2 Kf8 54. Rd7 Ke8 1-0

[Event "COL-ch Superate A"]
[Site "Bogota"]
[Date "2016.11.05"]
[Round "8.4"]
[White "Murillo Loreo, Oscar Miguel"]
[Black "Tobar Beltran, Jorge Esteban"]
[Result "1-0"]
[WhiteElo "1600"]
[BlackElo "1636"]
[PlyCount "79"]
[EventDate "2016.11.05"]
[EventType "swiss (blitz)"]
[EventRounds "10"]
[EventCountry "COL"]
[SourceTitle "EXT 2024"]
[Source "ChessBase"]
[SourceDate "2023.10.10"]
[SourceVersion "1"]
[SourceVersionDate "2023.10.10"]
[SourceQuality "1"]

1. e4 e6 2. d4 d5 3. exd5 exd5 4. Nf3 Bd6 5. Bd3 Ne7 6. 0-0 0-0 7. c3 Bf5 8. Bg5 Nbc6 9. Bxf5 f6 10. Be6+ Kh8 11. Be3 Re8 12. Bh3 Ng6 13. Nbd2 Bf4 14. Re1 Bxe3 15. fxe3 Re7 16. Bf5 Nf8 17. e4 g6 18. Bh3 dxe4 19. Nxe4 f5 20. Nc5 b6 21. Nd3 Rxe1+ 22. Qxe1 Qf6 23. Qd2 Ne6 24. Nde5 Nxe5 25. Nxe5 g5 26. g3 Rd8 27. Qf2 g4 28. Bg2 Ng5 29. Qf4 c5 30. Qxg5 Rf8 31. Qxf6+ Rxf6 32. Rf1 cxd4 33. cxd4 Rd6 34. Rf4 Kg7 35. Kf2 Kf6 36. Ke3 Rd8 37. Kd3 Rc8 38. Nc4 b5 39. Nd6 Ke6 40. Nxc8 1-0

[Event "COL-ch Superate A"]
[Site "Bogota"]
[Date "2016.11.05"]
[Round "6.4"]
[White "Rosado Uriana, Rafael de Jesus"]
[Black "Murillo Loreo, Oscar Miguel"]
[Result "0-1"]
[WhiteElo "1644"]
[BlackElo "1600"]
[PlyCount "88"]
[EventDate "2016.11.05"]
[EventType "swiss (blitz)"]
[EventRounds "10"]
[EventCountry "COL"]
[SourceTitle "EXT 2024"]
[Source "ChessBase"]
[SourceDate "2023.10.10"]
[SourceVersion "1"]
[SourceVersionDate "2023.10.10"]
[SourceQuality "1"]

1. e4 e6 2. d4 d5 3. exd5 exd5 4. Nf3 Bd6 5. c3 Nf6 6. Bd3 0-0 7. 0-0 Bg4 8. Bg5 Nbd7 9. Nbd2 h6 10. Bh4 Bh5 11. Qc2 c5 12. dxc5 Nxc5 13. Nd4 Nxd3 14. Qxd3 Bg6 15. Bxf6 Qxf6 16. Qb5 Be4 17. Nxe4 dxe4 18. Qxb7 Qe5 19. g3 e3 20. Qf3 exf2+ 21. Qxf2 Bc5 22. Rae1 Qd6 23. Qf4 Qb6 24. Qd2 Rad8 25. Rf4 Rfe8 26. Rxe8+ Rxe8 27. Qf2 Qg6 28. Kg2 Re4 29. Rxe4 Qxe4+ 30. Qf3 Qb1 31. Qa8+ Kh7 32. Qb7 Bxd4 33. cxd4 Qc2+ 34. Kh3 Qf5+ 35. Kg2 Qc2+ 36. Kh3 f6 37. d5 Qf5+ 38. Kg2 Qe4+ 39. Kh3 h5 40. Qc6 g5 41. Qd7+ Kh6 42. Qe6 g4+ 43. Kh4 Qf3 44. d6 Qf1 0-1

[Event "COL-ch Superate A"]
[Site "Bogota"]
[Date "2016.11.04"]
[Round "3.5"]
[White "Vallejo, Flavieth"]
[Black "Murillo Loreo, Oscar Miguel"]
[Result "0-1"]
[WhiteElo "1595"]
[BlackElo "1600"]
[PlyCount "96"]
[EventDate "2016.11.04"]
[EventType "swiss (rapid)"]
[EventRounds "5"]
[EventCountry "COL"]
[SourceTitle "EXT 2024"]
[Source "ChessBase"]
[SourceDate "2023.10.10"]
[SourceVersion "1"]
[SourceVersionDate "2023.10.10"]
[SourceQuality "1"]

1. e4 c5 2. Nf3 d6 3. d4 cxd4 4. Nxd4 Nf6 5. Nc3 a6 6. Bd3 g6 7. Be3 Bg7 8. h3 Nc6 9. Nxc6 bxc6 10. Qd2 0-0 11. Bh6 d5 12. exd5 cxd5 13. Bxg7 Kxg7 14. 0-0 Bb7 15. Rad1 e5 16. Rfe1 Re8 17. Bf1 Qd7 18. Ne2 Ne4 19. Qc1 Qc6 20. f3 Qc5+ 21. Kh2 Nf6 22. Nc3 e4 23. fxe4 dxe4 24. Qe3 Qe5+ 25. Kh1 Nh5 26. Kg1 Ng3 27. Bc4 Nf5 28. Qe2 Qc5+ 29. Kh1 Ng3+ 30. Kh2 Nxe2 31. Bxe2 Qe5+ 32. Kh1 Qg3 33. Rf1 Rad8 34. Rxd8 Rxd8 35. Bc4 f5 36. Ne2 Qe3 37. Nf4 Kf6 38. Ne6 Rd2 39. Bb3 Qe2 40. Rg1 e3 41. Nf4 Qf2 42. Nd5+ Bxd5 43. Bxd5 Rxd5 44. c3 e2 45. b4 e1R 46. Rxe1 Qxe1+ 47. Kh2 Qe5+ 48. Kg1 Qf4 0-1